Responses for Show #1390 - Friday, September 21, 1990

Game entered from audiorecording. Missing prizes.

Contestants

[<< previous game]

Bob Priser, a sales and service manager from Brookline, Massachusetts

John Nam, a law student from Silver Spring, Maryland

Burr Baldwin, a painting and decorating contractor from Minneapolis, Minnesota (whose 1-day cash winnings total $11,300)

[next game >>]

Jeopardy! Round responses

FAMOUS QUOTES
MUSICALS
NECKWEAR
MONEY
MEDICINE
4-LETTER WORDS
    $100 6
roses

Bob
    $100 30
(Richard) Rodgers

Bob
    $100 26
(John: [Sighs] What is a comforter?)

a muffler

JohnBob
    $100 19
a yen

John
    $100 15
vitamin C

Burr
    $100 1
(Burr: Well, gosh, darn, let's try 4-LETTER WORDS for $100.)

a hoot

Burr
    $200 7
Hippocrates

John
    $200 20
Little

John
    $200 12
a collar

John
    $200 22
a pfennig

Bob
    $200 16
salt

Bob
    $200 2
a coop

Burr
    $300 8
Jimmy Hoffa

Bob
    $300 21
The Unsinkable Molly Brown

Bob
    $300 27
(Burr: What is a constrictor?)

a boa

BurrBob
    $300 13
(Alex: Right, in Moscow.)

a ruble

John
    $300 17
Heimlich

Bob
    $300 3
a swan song

Burr
    $400 9
Charles Boyer

Burr
    $400 25
(Alex: Yes, Pearl Bailey was Dolly.)

Hello, Dolly!

John
    $400 28
a cravat

Bob
    $500 23
(Bob: Don't know.)

a lira

Bob
    $400 14
(John: What is fluorine?)
(Alex: Right, or flu... no, sorry.)

fluorides

JohnBob
    $400 4
the nose

John
    $500 10
Nietzsche

John
    $500 11
(John: What is the Funny Thing Happened on the Way to the Forum?)

Pippin

John
Triple Stumper
    $500 29
(Burr: What is a bib and bonnet?)

a bib & tucker

Burr
Triple Stumper
    $500 24
zinc

John
    $500 18
the coccyx

Bob
    $500 5
wing

Burr

Scores at the first commercial break (after clue 16):

Burr John Bob
$1,600 $700 $1,000

Scores at the end of the Jeopardy! Round:

Burr John Bob
$800 $1,800 $2,700

Double Jeopardy! Round responses

U.S. CITIES
THE 1960s
HISTORIC NICKNAMES
EUROPEAN TRAVEL
MODERN LITERATURE
4-LETTER BIRDS
    $200 8
Pittsburgh

Bob
    $200 1
(John: What are flags?)

draft cards

BurrJohn
    $200 22
Erik the Red

Burr
    $200 12
Gibraltar

John
    $200 16
France

John
    $200 25
(Bob: What's a crow?)

a duck

BurrBob
    $400 9
Juneau

John
    $400 2
the Berlin Wall

Burr
    $400 19
the Missouri

John
    $400 24
Istanbul

John
    $400 11
John Paul I

Burr
    $400 23
(Alex: We have a minute to go.)

crow

John
    $600 14
Portland

Burr
    $600 3
Greece

John
    $600 6
(James) Dole

Burr
    $600 10
sambuca

Triple Stumper
    $600 13
Hollywood

Triple Stumper
    $600 17
[Burr gave both pronunciations.]

dove

Burr
    $800 4
Erie

John
    $300 5
Cuba

John
    $800 20
(Bob: Who is Mitchell?)
(Alex: Be more specific.)

Martha Mitchell

Bob
    $800 27
Bavaria

John
    $800 28
(Thomas) Pynchon

Burr
    $800 18
an erne

John
    $1000 15
St. Louis

Bob
    $1000 7
(Burr: Who was Wallace? Cordelia Wallace?)
(John: Who is Wallace?)
(Alex: No, I need a first name.)
(John: Who is Amelia Wallace?)

Lurleen Wallace

BurrJohn
Triple Stumper
    $1000 21
(Burr: What is Oklahoma?)

Arizona

BurrJohn
    $2,700 29
[The end-of-round signal sounds.]

Budapest

Burr
    $1000 26
(John: What is an ibex?)

an ibis

JohnBob

Scores at the end of the Double Jeopardy! Round:

Burr John Bob
$5,500 $5,900 $5,500

[wagering suggestions for these scores]

Final Jeopardy! Round responses

DIRECTORS
[Burr's response was revealed first.]
BurrWho is Francis Ford Coppola?
$5
BobWho is Forman?
$0
JohnWho is Elia Kazan?
$5,101
Elia Kazan

Final scores:

Burr John Bob
$5,495 $11,001 $5,500
3rd place New champion: $11,001 2nd place

Game dynamics:

Coryat scores:

Burr John Bob
$3,800 $6,400 $6,000
16 R
(including 1 DD),
4 W
21 R
(including 1 DD),
6 W
16 R,
2 W
(including 1 DD)

Combined Coryat: $16,200

[game clues] [game scores] [suggest correction]

Game tape date: 1990-08-06
The J! Archive is created by fans, for fans. Scraping, republication, monetization, and malicious use prohibited; this site may use cookies and collect identifying information. See terms. The Jeopardy! game show and all elements thereof, including but not limited to copyright and trademark thereto, are the property of Jeopardy Productions, Inc. and are protected under law. This website is not affiliated with, sponsored by, or operated by Jeopardy Productions, Inc. Join the discussion at JBoard.tv.